[Event "Pere Noel U1800"]
[Site "Montreal CAN"]
[Date "2023.12.27"]
[Round "1.36"]
[White "Kiryakov, Marin"]
[Black "Amari, Mathias"]
[Result "1-0"]
[WhiteElo "1604"]
[BlackElo "1421"]
[PlyCount "73"]
[EventDate "2023.12.27"]
[EventType "swiss"]
[EventRounds "5"]
[EventCountry "CAN"]

1. e4 c6 2. d4 d5 3. e5 c5 4. dxc5 e6 5. a3 Bxc5 6. b4 Bb6 7. Qg4 g6 8. Bb5+
Nc6 9. Nf3 Bd7 10. Bxc6 Bxc6 11. O-O Ba4 12. Nc3 Bxc2 13. Nb5 Bf5 14. Qg3 Bc7
15. Nxc7+ Qxc7 16. Nd4 a6 17. Nxf5 exf5 18. Bf4 Qd7 19. e6 Qd8 20. Bc7 Qe7 21.
exf7+ Kxf7 22. Rfe1 Qd7 23. Be5 Nf6 24. Qh4 Qe6 25. Bd4 Qc6 26. Rac1 Rhe8 27.
Red1 Qe6 28. Bxf6 Qxf6 29. Rc7+ Re7 30. Qxh7+ Kf8 31. Rxe7 d4 32. Rxb7 Re8 33.
Qh6+ Kg8 34. h3 d3 35. Rxd3 Re1+ 36. Kh2 Qe5+ 37. Rg3 1-0

[Event "Pere Noel U1800"]
[Site "Montreal CAN"]
[Date "2023.12.27"]
[Round "1.37"]
[White "Tang-Han, Sean"]
[Black "Mourad, Michel"]
[Result "1-0"]
[WhiteElo "1418"]
[BlackElo "1598"]
[PlyCount "129"]
[EventDate "2023.12.27"]
[EventType "swiss"]
[EventRounds "5"]
[EventCountry "CAN"]

1. e4 e5 2. Nf3 Nf6 3. Nxe5 d6 4. Nf3 Nxe4 5. Qe2 Qe7 6. d3 Nf6 7. Nc3 Bg4 8.
Bg5 Bxf3 9. gxf3 Qxe2+ 10. Kxe2 Nc6 11. Bg2 O-O-O 12. Kd2 Be7 13. Rae1 h6 14.
Bh4 g5 15. Bg3 h5 16. h4 g4 17. fxg4 hxg4 18. Bxc6 Bf8 19. Ba4 c6 20. Bf4 Nh5
21. Bg3 f5 22. Bb3 f4 23. Bh2 d5 24. Rhg1 g3 25. fxg3 Bc5 26. Rgf1 fxg3 27. Bg1
Bxg1 28. Rxg1 Rdf8 29. Rg2 Rhg8 30. Reg1 Rg7 31. Ne2 Rg4 32. c4 dxc4 33. Bxc4
Rf6 34. Nxg3 Nf4 35. Ne4 Rxg2+ 36. Rxg2 Nxg2 37. Nxf6 Nxh4 38. a4 Kc7 39. Ke3
Kd6 40. Ne4+ Kc7 41. b4 Nf5+ 42. Kf4 Nd4 43. Ke5 Nc2 44. b5 cxb5 45. Bxb5 Na3
46. Nc3 Nc2 47. Nd5+ Kd8 48. Kd6 a6 49. Bd7 b5 50. Nc7 Nd4 51. axb5 axb5 52.
Nxb5 Nf3 53. Nc7 Ng5 54. Ne6+ Nxe6 55. Bxe6 Ke8 56. d4 Kd8 57. d5 Ke8 58. Kc7
Ke7 59. d6+ Ke8 60. d7+ Kf8 61. d8=Q+ Kg7 62. Qg8+ Kh6 63. Bf5 Kh5 64. Qg6+ Kh4
65. Qg4# 1-0

[Event "Pere Noel U1800"]
[Site "Montreal CAN"]
[Date "2023.12.27"]
[Round "1.38"]
[White "Bedard, Michel"]
[Black "Bernard, Axel"]
[Result "0-1"]
[WhiteElo "1593"]
[BlackElo "1417"]
[PlyCount "128"]
[EventDate "2023.12.27"]
[EventType "swiss"]
[EventRounds "5"]
[EventCountry "CAN"]

1. d4 Nf6 2. Nc3 d5 3. Bf4 c6 4. e3 Bf5 5. f3 e6 6. g4 Bg6 7. h4 h5 8. g5 Ng8
9. Bd3 Ne7 10. Bg3 Nf5 11. Bf2 Na6 12. a3 Be7 13. f4 Nc7 14. Nf3 Bh7 15. Ne5 f6
16. Qxh5+ g6 17. Nxg6 Bxg6 18. Qxg6+ Kd7 19. gxf6 Bxf6 20. Bxf5 exf5 21. Qxf5+
Ne6 22. O-O-O Bxh4 23. Bxh4 Rxh4 24. Rxh4 Qxh4 25. Qf7+ Kd6 26. f5 Nc7 27. Rg1
Qe7 28. Rg6+ Kd7 29. Qxe7+ Kxe7 30. Rg7+ Kd6 31. Rg6+ Ke7 32. Ne2 Rf8 33. Rg7+
Kd6 34. Ng3 a5 35. Kd2 b5 36. Rg6+ Kd7 37. Kd3 Ne8 38. b3 Nd6 39. Rg7+ Kd8 40.
Ra7 Rg8 41. Ra8+ Nc8 42. Ne2 Kc7 43. Rxa5 Kb6 44. b4 Nd6 45. f6 Nc4 46. e4
dxe4+ 47. Kxe4 Re8+ 48. Kf3 Nxa5 49. bxa5+ Kxa5 50. Nf4 Rf8 51. Nh5 Ka4 52. Kf4
Kxa3 53. Ke5 Kb2 54. Ke6 Kxc2 55. Ke7 Rxf6 56. Kxf6 b4 57. Ng7 b3 58. Nf5 b2
59. Ne3+ Kd3 60. d5 Kxe3 61. d6 b1=Q 62. Ke7 Qh7+ 63. Ke6 Qg8+ 64. Kd7 c5 0-1

[Event "Pere Noel U1800"]
[Site "Montreal CAN"]
[Date "2023.12.27"]
[Round "1.39"]
[White "Sun, Jonathan"]
[Black "Morin, Richer"]
[Result "1/2-1/2"]
[WhiteElo "1398"]
[BlackElo "1576"]
[PlyCount "91"]
[EventDate "2023.12.27"]
[EventType "swiss"]
[EventRounds "5"]
[EventCountry "CAN"]

1. c4 e6 2. e4 d5 3. cxd5 exd5 4. exd5 Nf6 5. Nc3 Nxd5 6. d4 Bb4 7. Bd2 O-O 8.
Be2 Re8 9. Nf3 Ba5 10. O-O Nc6 11. Nxd5 Qxd5 12. Bxa5 Qxa5 13. Bc4 Bg4 14. Qb3
Qh5 15. Ne5 Rxe5 16. dxe5 Nd4 17. Qxb7 Nf3+ 18. gxf3 Bxf3 19. Bxf7+ Qxf7 20.
Qb3 Bd5 21. Qg3 Rb8 22. f4 Qf5 23. Rf2 Qe4 24. Qg2 Qd4 25. Qg3 Rxb2 26. Re1
Rxa2 27. Qe3 Qxe3 28. Rxe3 Ra1+ 29. Rf1 Ra2 30. Rg3 Kf7 31. Rd1 g6 32. h4 Ra4
33. Rf1 c5 34. f5 gxf5 35. Rxf5+ Ke6 36. Rh5 Be4 37. Rc3 c4 38. Kf2 a5 39. Ke3
Bg6 40. Rg5 Kd5 41. h5 Bd3 42. h6 Ra1 43. Rg7 Re1+ 44. Kd2 Rxe5 45. Rxd3+ cxd3
46. Kxd3 1/2-1/2

[Event "Pere Noel U1800"]
[Site "Montreal CAN"]
[Date "2023.12.27"]
[Round "1.40"]
[White "El-Hassak, Mouhcine"]
[Black "Tremblay, Xavier"]
[Result "1-0"]
[WhiteElo "1558"]
[BlackElo "1388"]
[PlyCount "49"]
[EventDate "2023.12.27"]
[EventType "swiss"]
[EventRounds "5"]
[EventCountry "CAN"]

1. e4 e5 2. Nf3 Nc6 3. Bc4 Bc5 4. d4 exd4 5. Ng5 Ne5 6. Nxf7 Nxf7 7. Bxf7+ Kxf7
8. Qh5+ g6 9. Qxc5 Qh4 10. Qd5+ Kf8 11. Bg5 Qg4 12. O-O d6 13. f4 h6 14. Qxd4
Rh7 15. Bf6 Rf7 16. Bh8 Bd7 17. Nc3 Bc6 18. Rae1 a6 19. Re3 Re8 20. Rg3 Qe6 21.
f5 gxf5 22. Rxf5 Ree7 23. Qg7+ Ke8 24. Qxg8+ Kd7 25. Rxf7 1-0

[Event "Pere Noel U1800"]
[Site "Montreal CAN"]
[Date "2023.12.27"]
[Round "1.41"]
[White "Saiilant, Christopher"]
[Black "Chen, Rae"]
[Result "0-1"]
[WhiteElo "1375"]
[BlackElo "1549"]
[PlyCount "78"]
[EventDate "2023.12.27"]
[EventType "swiss"]
[EventRounds "5"]
[EventCountry "CAN"]

1. e4 d6 2. d4 Nf6 3. Nc3 c6 4. Nf3 Qa5 5. Bd2 e5 6. Bd3 Qc7 7. h3 Be7 8. Qe2
b5 9. a3 a6 10. Nd1 exd4 11. c3 dxc3 12. Bxc3 O-O 13. Ne3 Re8 14. Nh4 g6 15.
Qf3 Nbd7 16. Nhf5 Bf8 17. Ng4 Nxg4 18. hxg4 Ne5 19. Qh3 f6 20. O-O-O gxf5 21.
gxf5 h6 22. f4 Nxd3+ 23. Rxd3 Bg7 24. Rg3 Kf8 25. Qh4 Qf7 26. Rg6 Rxe4 27. g4
Rc4 28. Kb1 Rxc3 29. bxc3 Qb3+ 30. Kc1 Qxc3+ 31. Kd1 Qd3+ 32. Ke1 Bxf5 33.
Rxf6+ Kg8 34. gxf5 Qc3+ 35. Kf2 Qxf6 36. Qh5 Rf8 37. Rg1 Qxf5 38. Qe2 Qxf4+ 39.
Ke1 Qc1+ 0-1

[Event "Pere Noel U1800"]
[Site "Montreal CAN"]
[Date "2023.12.27"]
[Round "1.42"]
[White "Rauch, Damian"]
[Black "Ouni, Iheb"]
[Result "1-0"]
[WhiteElo "1531"]
[BlackElo "1363"]
[PlyCount "111"]
[EventDate "2023.12.27"]
[EventType "swiss"]
[EventRounds "5"]
[EventCountry "CAN"]

1. e4 d5 2. exd5 Qxd5 3. Nc3 Qa5 4. d4 Nf6 5. Nf3 Bg4 6. h3 Bh5 7. g4 Bg6 8.
Bd3 Ne4 9. Bd2 Nxd2 10. Qxd2 Bxd3 11. Qxd3 Nc6 12. O-O-O e6 13. d5 O-O-O 14.
Qc4 exd5 15. Nxd5 Nb4 16. Nxb4 Bxb4 17. Rxd8+ Rxd8 18. a3 Bxa3 19. Kb1 Qb6 20.
Qc3 Bf8 21. Rf1 f6 22. Qc4 a5 23. Ng1 Bc5 24. Qf4 Qe6 25. Rc1 Qb6 26. Qc4 Bxf2
27. Ne2 Bc5 28. Nf4 Be3 29. Rf1 Bxf4 30. Qxf4 Qb5 31. Re1 Qc5 32. Qe4 Kb8 33.
Qxh7 Qf2 34. Qe4 Rh8 35. Qe3 Qxe3 36. Rxe3 Kc8 37. c4 c6 38. Kc2 Kd7 39. c5 g6
40. Kb3 f5 41. Ka4 fxg4 42. hxg4 Rh2 43. Rb3 Rh4 44. Rxb7+ Kc8 45. Rg7 Rxg4+
46. Kxa5 Rg2 47. b4 g5 48. Kb6 Rb2 49. Kxc6 Kd8 50. b5 Re2 51. Rxg5 Re6+ 52.
Kd5 Re2 53. c6 Rd2+ 54. Kc5 Rc2+ 55. Kb6 Re2 56. c7+ 1-0

[Event "Pere Noel U1800"]
[Site "Montreal CAN"]
[Date "2023.12.27"]
[Round "1.43"]
[White "Ouellet, Alain H"]
[Black "Chen, Chen"]
[Result "0-1"]
[WhiteElo "1322"]
[BlackElo "1530"]
[PlyCount "82"]
[EventDate "2023.12.27"]
[EventType "swiss"]
[EventRounds "5"]
[EventCountry "CAN"]

1. c4 f5 2. Nc3 Nf6 3. Nf3 g6 4. g3 d6 5. Bg2 Bg7 6. d3 c6 7. Bg5 h6 8. Bd2 e5
9. b4 e4 10. Nd4 Ng4 11. Nc2 Ne5 12. Bc1 Nxd3+ 13. exd3 Bxc3+ 14. Bd2 Bxa1 15.
Qxa1 Kf7 16. Bc3 Re8 17. dxe4 Be6 18. Ne3 fxe4 19. O-O Nd7 20. Bg7 h5 21. h4
Rg8 22. Bh6 Ne5 23. Qd4 Bh3 24. Qxe4 Bxg2 25. Kxg2 Qf6 26. f4 Nd7 27. f5 Qe5
28. fxg6+ Ke6 29. Qf3 Nf6 30. Re1 Kd7 31. Nc2 Qb2 32. Qf5+ Kc7 33. Re7+ Kd8 34.
Bg5 Kxe7 35. Qd3 Qe5 36. Bf4 Qe4+ 37. Qxe4+ Nxe4 38. Kf3 d5 39. Nd4 Raf8 40. c5
Rxg6 41. Ke3 Rxg3+ 0-1

[Event "Pere Noel U1800"]
[Site "Montreal CAN"]
[Date "2023.12.27"]
[Round "1.44"]
[White "Sonko, Babacar"]
[Black "Zhao, Alex"]
[Result "0-1"]
[WhiteElo "1526"]
[BlackElo "1315"]
[PlyCount "74"]
[EventDate "2023.12.27"]
[EventType "swiss"]
[EventRounds "5"]
[EventCountry "CAN"]

1. e4 c6 2. Nc3 d5 3. Nf3 Bg4 4. h3 Bxf3 5. Qxf3 e6 6. d3 Nf6 7. e5 Nfd7 8. d4
c5 9. Be3 Nc6 10. Bb5 cxd4 11. Bxc6 bxc6 12. Bxd4 c5 13. Be3 Nxe5 14. Qg3 Ng6
15. Bg5 Be7 16. h4 Bxg5 17. hxg5 Qa5 18. O-O O-O 19. Rfe1 Rab8 20. b3 Ne7 21.
Na4 Nf5 22. Qh3 Qd2 23. g6 hxg6 24. g4 Nd6 25. Nxc5 Rfc8 26. Rad1 Qxc2 27. Rc1
Qxa2 28. Ra1 Qd2 29. Rad1 Qh6 30. Qg3 Rxc5 31. Qxd6 Rbc8 32. Kg2 Qh4 33. Rd4
Rc2 34. Rf4 g5 35. Qe7 R2c7 36. Qxc7 Rxc7 37. Rh1 Qxh1+ 0-1

[Event "Pere Noel U1800"]
[Site "Montreal CAN"]
[Date "2023.12.27"]
[Round "1.45"]
[White "Imbeault, Marc"]
[Black "Hu, Richard"]
[Result "0-1"]
[WhiteElo "1276"]
[BlackElo "1515"]
[PlyCount "72"]
[EventDate "2023.12.27"]
[EventType "swiss"]
[EventRounds "5"]
[EventCountry "CAN"]

1. Nf3 c5 2. d3 d6 3. Nbd2 Nf6 4. g3 g6 5. Bg2 Bg7 6. O-O Nc6 7. c3 O-O 8. e4
Bd7 9. Re1 Qc8 10. e5 dxe5 11. Nxe5 e6 12. Ndf3 Rd8 13. Bf4 Nd5 14. Qd2 Nce7
15. Nc4 Bc6 16. Nfe5 Bb5 17. Nxf7 Kxf7 18. Nd6+ Rxd6 19. Bxd6 Nf6 20. Qe3 c4
21. Bxe7 Kxe7 22. d4 Bc6 23. Bh3 Bd5 24. f4 Kf7 25. Re2 Qc6 26. Rae1 Re8 27. g4
Bf3 28. Bg2 Bxg2 29. Rxg2 Qa6 30. f5 exf5 31. Qf2 Nxg4 32. Qg3 Rxe1+ 33. Qxe1
Qxa2 34. Re2 Bf6 35. Re8 Qa6 36. Rh8 Bxh8 0-1

[Event "Pere Noel U1800"]
[Site "Montreal CAN"]
[Date "2023.12.27"]
[Round "1.46"]
[White "Liao, Minyan"]
[Black "Wang, Andrew"]
[Result "1-0"]
[WhiteElo "1491"]
[BlackElo "1258"]
[PlyCount "127"]
[EventDate "2023.12.27"]
[EventType "swiss"]
[EventRounds "5"]
[EventCountry "CAN"]

1. e4 e5 2. Nf3 Nc6 3. Bc4 Bc5 4. c3 Nf6 5. d4 exd4 6. cxd4 Bb4+ 7. Nc3 Nxe4 8.
O-O Bxc3 9. d5 O-O 10. bxc3 Ne7 11. Re1 Nd6 12. Bd3 b6 13. Ba3 Bb7 14. Bxh7+
Kh8 15. Be4 f5 16. Ng5 g6 17. Qd4+ Kg8 18. Bd3 Nxd5 19. Bxd6 cxd6 20. Bc4 Qxg5
21. Bxd5+ Bxd5 22. Qxd5+ Kh8 23. Qxd6 Rf7 24. Re3 f4 25. Re5 Qf6 26. Qxf6+ Rxf6
27. Rd1 d6 28. Re7 Rc8 29. Rxa7 Rxc3 30. Kf1 Re6 31. Rd7 Rc6 32. g3 fxg3 33.
hxg3 Kg8 34. a4 Kf8 35. Rb1 Ke8 36. Rg7 Kd8 37. a5 d5 38. a6 Rc7 39. Rg8+ Kd7
40. Ra1 Ra7 41. Rg7+ Re7 42. Rxg6 Kc7 43. Rc1+ Kd8 44. Rxb6 Rh7 45. Rb8+ Kd7
46. Rb7+ Kd6 47. Rxh7 Rxh7 48. Ke2 Ra7 49. Ra1 Ke5 50. Kd3 Ra8 51. a7 Kd6 52.
Kd4 Kc6 53. f4 Kd6 54. Ra6+ Ke7 55. Kxd5 Kd7 56. f5 Ke7 57. g4 Kd7 58. f6 Ke8
59. Kc6 Kf7 60. Kb7 Rxa7+ 61. Kxa7 Kg8 62. g5 Kf8 63. g6 Kg8 64. Kb7 1-0

[Event "Pere Noel U1800"]
[Site "Montreal CAN"]
[Date "2023.12.27"]
[Round "1.47"]
[White "Rebhi, Mohamed"]
[Black "Ivanov Yuan, Maksim"]
[Result "0-1"]
[WhiteElo "1256"]
[BlackElo "1488"]
[PlyCount "62"]
[EventDate "2023.12.27"]
[EventType "swiss"]
[EventRounds "5"]
[EventCountry "CAN"]

1. Nf3 f5 2. Nc3 Nf6 3. d4 g6 4. Bf4 d6 5. e3 Bg7 6. Bd3 c6 7. h3 O-O 8. Qd2
Qe8 9. Bc4+ d5 10. Bd3 Ne4 11. Qe2 c5 12. Nxd5 Na6 13. Bxa6 bxa6 14. Nc7 Qc6
15. Nxa8 Qxa8 16. c3 cxd4 17. Nxd4 e5 18. f3 Nd6 19. Bh2 exd4 20. Bxd6 Re8 21.
cxd4 Qd5 22. Bc5 Bh6 23. e4 fxe4 24. O-O Bd7 25. Qxa6 Be3+ 26. Kh1 Bxh3 27. Qd6
Qg5 28. gxh3 Bf4 29. Qd7 Rb8 30. b4 Qg3 31. Qg4 Qh2# 0-1

[Event "Pere Noel U1800"]
[Site "Montreal CAN"]
[Date "2023.12.27"]
[Round "1.48"]
[White "Chaudari, Prabhas"]
[Black "Zhou, Julian"]
[Result "1-0"]
[WhiteElo "1487"]
[BlackElo "1147"]
[PlyCount "113"]
[EventDate "2023.12.27"]
[EventType "swiss"]
[EventRounds "5"]
[EventCountry "CAN"]

1. e4 c6 2. Nf3 d5 3. Nc3 Bg4 4. Be2 e6 5. h3 Bh5 6. g4 Bg6 7. exd5 exd5 8. Ne5
Bd6 9. Nxg6 hxg6 10. d4 Ne7 11. Qd3 Qc7 12. Bd2 Nd7 13. O-O-O O-O-O 14. Kb1 Nb6
15. Qf3 f6 16. Bc1 Rhf8 17. Rhe1 f5 18. g5 c5 19. Nb5 Qb8 20. Nxd6+ Qxd6 21.
Bf4 Qc6 22. dxc5 Qxc5 23. Be5 Rf7 24. b3 Nc6 25. Bb2 d4 26. a3 Qd5 27. Qf4 Qd6
28. Qf3 f4 29. Bb5 Ne5 30. Qe4 Re7 31. Rxd4 Qc5 32. Rxd8+ Kxd8 33. Bf1 Nc6 34.
Qd3+ Rd7 35. Qxg6 Qxf2 36. Qe8+ Kc7 37. Bb5 Rd8 38. Qe4 f3 39. Rf1 Qc5 40. Bxc6
bxc6 41. Qxf3 Nd5 42. Re1 Rd7 43. h4 Qa5 44. Qg3+ Kb6 45. Re5 Qd2 46. Qg1+ Kb7
47. Qe1 Qxe1+ 48. Rxe1 Nf4 49. Rf1 Ng2 50. h5 Rd5 51. Rf7+ Kb6 52. Rxg7 Rd1+
53. Ka2 Nf4 54. h6 Rh1 55. h7 Kc5 56. Rxa7 Ne6 57. h8=Q 1-0

[Event "Pere Noel U1800"]
[Site "Montreal CAN"]
[Date "2023.12.28"]
[Round "2.28"]
[White "Ivanov Yuan, Maksim"]
[Black "Robillard, Guillaume"]
[Result "1-0"]
[WhiteElo "1488"]
[BlackElo "1650"]
[PlyCount "113"]
[EventDate "2023.12.27"]
[EventType "swiss"]
[EventRounds "5"]
[EventCountry "CAN"]

1. e4 c5 2. Nf3 d6 3. d4 cxd4 4. Nxd4 Nf6 5. Nc3 a6 6. f3 e5 7. Nb3 Be6 8. Be3
Nbd7 9. Qd2 Qc7 10. O-O-O b5 11. Nd5 Bxd5 12. exd5 Nb6 13. Bxb6 Qxb6 14. Re1 g6
15. g4 Bg7 16. h4 h5 17. g5 Ng8 18. f4 Ne7 19. fxe5 Bxe5 20. Kb1 O-O 21. Bh3 a5
22. Nc1 b4 23. Nd3 Qd4 24. Qe2 Nxd5 25. Nxe5 Nf4 26. Qb5 dxe5 27. Qxe5 Qxe5 28.
Rxe5 Rfe8 29. Rxe8+ Rxe8 30. c3 bxc3 31. bxc3 Re3 32. Bd7 Rxc3 33. Re1 Rc4 34.
Re5 Nd3 35. Re8+ Kg7 36. Rc8 Rxc8 37. Bxc8 Nf4 38. Bb7 Kf8 39. Kc2 Ne6 40. Kc3
Ke7 41. Kc4 a4 42. a3 Kd6 43. Bd5 Ke5 44. Bc6 Kf4 45. Bxa4 Kg4 46. Bd1+ Kxh4
47. a4 Kg3 48. a5 h4 49. a6 h3 50. a7 Nc7 51. Ba4 h2 52. Bc6 Kf2 53. Kc5 Kg1
54. a8=Q Nxa8 55. Bxa8 h1=Q 56. Bxh1 Kxh1 57. Kd6 1-0

[Event "Pere Noel U1800"]
[Site "Montreal CAN"]
[Date "2023.12.28"]
[Round "2.29"]
[White "Lajoie, Luc"]
[Black "Liao, Minyan"]
[Result "1-0"]
[WhiteElo "1644"]
[BlackElo "1491"]
[PlyCount "73"]
[EventDate "2023.12.27"]
[EventType "swiss"]
[EventRounds "5"]
[EventCountry "CAN"]

1. e4 c5 2. Nf3 a6 3. c3 d5 4. e5 Nc6 5. d4 Bf5 6. a3 e6 7. Be2 cxd4 8. cxd4
Nge7 9. Nc3 Be4 10. Ng5 Bxg2 11. Rg1 Be4 12. Ngxe4 dxe4 13. Nxe4 Qxd4 14. Nd6+
Kd7 15. Be3 Qxd1+ 16. Rxd1 Kc7 17. Nxf7 Rg8 18. Ng5 Re8 19. Nxe6+ Kb8 20. Bc4
Nxe5 21. Bf4 N7g6 22. Rxg6 hxg6 23. Bxe5+ Ka7 24. Rd7 Bc5 25. f4 Bg1 26. Kf1
Bxh2 27. Nc5 Rgf8 28. Rxb7+ Ka8 29. Kg2 Bxf4 30. Bxf4 Rxf4 31. Bd5 Rff8 32.
Rb6+ Ka7 33. Rb7+ Ka8 34. Nd7 Re2+ 35. Kg3 Re3+ 36. Kg4 Rf6 37. Nxf6 1-0

[Event "Pere Noel U1800"]
[Site "Montreal CAN"]
[Date "2023.12.28"]
[Round "2.30"]
[White "Bernard, Axel"]
[Black "Kiryakov, Marin"]
[Result "1-0"]
[WhiteElo "1417"]
[BlackElo "1604"]
[PlyCount "43"]
[EventDate "2023.12.27"]
[EventType "swiss"]
[EventRounds "5"]
[EventCountry "CAN"]

1. d4 Nf6 2. c4 c5 3. d5 e6 4. Nc3 exd5 5. cxd5 d6 6. e4 g6 7. h3 Bg7 8. Nf3
O-O 9. Bd3 b5 10. Nxb5 Qa5+ 11. Bd2 Qd8 12. Bf4 Nxe4 13. Bxe4 Qa5+ 14. Nc3 Re8
15. Nd2 f5 16. O-O Bxc3 17. bxc3 fxe4 18. Qc2 Qd8 19. Nxe4 Bg4 20. Rfe1 Nd7 21.
Qa4 Ne5 22. Qxe8+ 1-0

[Event "Pere Noel U1800"]
[Site "Montreal CAN"]
[Date "2023.12.28"]
[Round "2.31"]
[White "Zhao, Alex"]
[Black "El-Hassak, Mouhcine"]
[Result "1/2-1/2"]
[WhiteElo "1315"]
[BlackElo "1558"]
[PlyCount "75"]
[EventDate "2023.12.27"]
[EventType "swiss"]
[EventRounds "5"]
[EventCountry "CAN"]

1. e4 c5 2. Nc3 Nc6 3. Nf3 Nf6 4. d4 cxd4 5. Nxd4 e5 6. Ndb5 d6 7. Bg5 a6 8.
Na3 Be6 9. Bxf6 Qxf6 10. Nd5 Bxd5 11. Qxd5 Be7 12. c3 O-O 13. Be2 Kh8 14. Nc4
Qe6 15. Ne3 Qxd5 16. Nxd5 Bd8 17. O-O Ne7 18. Bc4 Rc8 19. Bb3 Nxd5 20. Bxd5 Rb8
21. f4 b5 22. fxe5 dxe5 23. Rxf7 Bb6+ 24. Kh1 Rxf7 25. Bxf7 a5 26. Rf1 Rf8 27.
Bc4 Rxf1+ 28. Bxf1 b4 29. cxb4 axb4 30. Bc4 g5 31. g4 Kg7 32. a3 bxa3 33. bxa3
Kf6 34. Kg2 Ke7 35. Kf3 Kd6 36. a4 Kc5 37. Bb5 Kd4 38. h3 1/2-1/2

[Event "Pere Noel U1800"]
[Site "Montreal CAN"]
[Date "2023.12.28"]
[Round "2.32"]
[White "Chen, Rae"]
[Black "Chaudari, Prabhas"]
[Result "1-0"]
[WhiteElo "1549"]
[BlackElo "1487"]
[PlyCount "91"]
[EventDate "2023.12.27"]
[EventType "swiss"]
[EventRounds "5"]
[EventCountry "CAN"]

1. c4 c6 2. Nf3 d5 3. d4 Nf6 4. Nc3 Bf5 5. Bg5 e6 6. Nh4 Bg4 7. h3 Bh5 8. g4
Bg6 9. Nxg6 hxg6 10. Bg2 Be7 11. Qd2 Nbd7 12. cxd5 cxd5 13. Bf4 a6 14. e4 dxe4
15. Nxe4 Qb6 16. a3 Nxe4 17. Bxe4 Nf6 18. Bg2 O-O 19. O-O Rfd8 20. Rfd1 Rac8
21. Be5 Nd7 22. Qe2 Nxe5 23. dxe5 Bg5 24. b4 Rd4 25. Rxd4 Qxd4 26. Re1 Rc7 27.
Qe4 Qc3 28. f4 Bxf4 29. Kf1 Bg3 30. Rd1 Kh7 31. Kg1 Qxe5 32. Qxe5 Bxe5 33. a4
b6 34. b5 axb5 35. axb5 Kh6 36. Bc6 Kg5 37. Re1 f6 38. Re4 Re7 39. Ra4 Bd4+ 40.
Rxd4 e5 41. Rd7 Re6 42. Rxg7 e4 43. Kf2 e3+ 44. Ke2 Kh4 45. Rxg6 Kxh3 46. g5
1-0

[Event "Pere Noel U1800"]
[Site "Montreal CAN"]
[Date "2023.12.28"]
[Round "2.34"]
[White "Chen, Chen"]
[Black "Saillant, William"]
[Result "1-0"]
[WhiteElo "1530"]
[BlackElo "1467"]
[PlyCount "71"]
[EventDate "2023.12.27"]
[EventType "swiss"]
[EventRounds "5"]
[EventCountry "CAN"]

1. e4 c5 2. Nc3 Nc6 3. f4 g6 4. Nf3 Bg7 5. a4 a6 6. Be2 d6 7. O-O Nf6 8. Qe1
Nb4 9. Bd1 e6 10. d3 h5 11. e5 dxe5 12. fxe5 Ng4 13. Bg5 Qc7 14. Ne4 Nxe5 15.
Nf6+ Bxf6 16. Bxf6 Nxf3+ 17. Bxf3 Rf8 18. Be5 Qe7 19. Qc3 f6 20. Bg3 e5 21. Bf2
c4 22. d4 exd4 23. Bxd4 Be6 24. Rae1 Kf7 25. Rxe6 Qxe6 26. Qxb4 Rad8 27. Re1
Qd7 28. Qxc4+ Kg7 29. c3 Rfe8 30. Rf1 Re6 31. Bxb7 Rde8 32. Bxa6 Re1 33. Bb5
Qe7 34. Bxe8 Qxe8 35. Bxf6+ Kh7 36. Qc7+ 1-0

[Event "Pere Noel U1800"]
[Site "Montreal CAN"]
[Date "2023.12.28"]
[Round "2.35"]
[White "Hu, Richard"]
[Black "Tang-Han, Sean"]
[Result "1-0"]
[WhiteElo "1515"]
[BlackElo "1418"]
[PlyCount "137"]
[EventDate "2023.12.27"]
[EventType "swiss"]
[EventRounds "5"]
[EventCountry "CAN"]

1. e4 e5 2. Nf3 Nc6 3. Nc3 Nf6 4. Bb5 Bc5 5. O-O d6 6. d3 h6 7. Be3 Bb6 8. Bxb6
axb6 9. d4 exd4 10. Nxd4 Bd7 11. Re1 O-O 12. Qd2 Re8 13. a3 Re5 14. f4 Rh5 15.
Be2 Bg4 16. Nf3 Qd7 17. Rad1 Re8 18. e5 dxe5 19. Qxd7 Nxd7 20. h3 Be6 21. Nxe5
Rxe5 22. fxe5 Ndxe5 23. Nb5 Rc8 24. Nd4 Nxd4 25. Rxd4 f6 26. Kh2 Kf7 27. Bf3 c6
28. Kg3 Ke7 29. Bg4 Bxg4 30. hxg4 g5 31. b3 Ra8 32. a4 Ra5 33. Rb4 Ra6 34. Rbe4
Kd6 35. Rh1 Nf7 36. Rf1 Kd5 37. Re2 Nd6 38. c4+ Nxc4 39. bxc4+ Kxc4 40. Rb1
Rxa4 41. Rxb6 Ra3+ 42. Kf2 Kd5 43. Rxb7 Ra4 44. Kf3 Rf4+ 45. Kg3 Kd6 46. Rd2+
Kc5 47. Rc2+ Kd6 48. Rb6 Ke5 49. Rbxc6 Rd4 50. R2c5+ Ke4 51. Rc4 Rxc4 52. Rxc4+
Kd5 53. Rc8 Ke6 54. Rh8 Kf7 55. Rxh6 Kg7 56. Rh1 Kg6 57. Kf3 Kf7 58. Ke4 Ke6
59. Ra1 Kd6 60. Kf5 Kd5 61. Kxf6 Ke4 62. Kxg5 Ke3 63. Ra7 Kf2 64. Kf4 Kxg2 65.
Ra3 Kh2 66. Rg3 Kh1 67. Kf3 Kh2 68. Kf2 Kh1 69. Rh3# 1-0

[Event "Pere Noel U1800"]
[Site "Montreal CAN"]
[Date "2023.12.28"]
[Round "2.37"]
[White "Gauthier, Luc"]
[Black "Dauphinais, Sophie"]
[Result "1/2-1/2"]
[WhiteElo "1670"]
[BlackElo "1461"]
[PlyCount "112"]
[EventDate "2023.12.27"]
[EventType "swiss"]
[EventRounds "5"]
[EventCountry "CAN"]

1. e4 c5 2. Nc3 a6 3. g3 b5 4. Bg2 Bb7 5. d3 e6 6. f4 b4 7. Nce2 d5 8. e5 Nh6
9. Nf3 Nf5 10. O-O Be7 11. c3 a5 12. Bd2 O-O 13. g4 Nh6 14. h3 Kh8 15. Ng3 Nd7
16. f5 Ng8 17. Nh5 exf5 18. gxf5 f6 19. e6 Ne5 20. Nxe5 fxe5 21. Qg4 Bf6 22.
Kh1 Ra7 23. Rae1 d4 24. Be4 Bxe4+ 25. Qxe4 Qa8 26. c4 Ne7 27. Qxa8 Raxa8 28.
Nxf6 gxf6 29. Re4 Rg8 30. Rg4 Rxg4 31. hxg4 Kg7 32. Kg2 Rh8 33. Rh1 h5 34. Kg3
hxg4 35. Rxh8 Kxh8 36. Kxg4 Kh7 37. a3 Kg7 38. Be1 Ng8 39. Kf3 Ne7 40. Ke4 Kh6
41. Bh4 Kg7 42. Bg3 Kf8 43. Bxe5 fxe5 44. Kxe5 bxa3 45. bxa3 Ke8 46. f6 Ng6+
47. Kd6 Nf4 48. f7+ Kf8 49. Kd7 Ng6 50. Kd8 Ne7 51. a4 Nc6+ 52. Kd7 Ne5+ 53.
Kd8 Nc6+ 54. Kc7 Ne5 55. Kd8 Nc6+ 56. Kd7 Ne5+ 1/2-1/2

[Event "Pere Noel U1800"]
[Site "Montreal CAN"]
[Date "2023.12.28"]
[Round "2.38"]
[White "Chagnon, Francois"]
[Black "Goldner, John"]
[Result "0-1"]
[WhiteElo "1487"]
[BlackElo "1639"]
[PlyCount "92"]
[EventDate "2023.12.27"]
[EventType "swiss"]
[EventRounds "5"]
[EventCountry "CAN"]

1. d4 d5 2. Nf3 Nf6 3. g3 e6 4. Bg2 c5 5. e3 Nc6 6. O-O Qc7 7. b3 Be7 8. Bb2
cxd4 9. exd4 O-O 10. c3 Ne4 11. Nfd2 f5 12. Nxe4 dxe4 13. Nd2 Rd8 14. Nc4 e5
15. d5 Be6 16. Ne3 f4 17. Bxe4 fxe3 18. fxe3 Bf7 19. Bxh7+ Kf8 20. Rxf7+ Kxf7
21. Qf3+ Bf6 22. Qh5+ Kf8 23. dxc6 bxc6 24. Rf1 c5 25. c4 Ke7 26. Be4 Rh8 27.
Qf3 Raf8 28. Qg4 Rh6 29. Bd5 Rfh8 30. Qe6+ Kd8 31. Rf2 Bg5 32. Bxe5 Rxe6 33.
Bxc7+ Kxc7 34. Bxe6 Bxe3 35. h4 Rd8 36. Kg2 Bxf2 37. Kxf2 Rd2+ 38. Kf3 Rxa2 39.
g4 Kd6 40. Bd5 Ra3 41. Kf4 Rxb3 42. h5 a5 43. g5 a4 44. h6 gxh6 45. gxh6 a3 46.
h7 Rh3 0-1

[Event "Pere Noel U1800"]
[Site "Montreal CAN"]
[Date "2023.12.28"]
[Round "2.40"]
[White "Morin, Richer"]
[Black "Zlotnikov, Jonathan"]
[Result "1-0"]
[WhiteElo "1576"]
[BlackElo "1422"]
[PlyCount "55"]
[EventDate "2023.12.27"]
[EventType "swiss"]
[EventRounds "5"]
[EventCountry "CAN"]

1. e4 c5 2. Nf3 g6 3. c3 d5 4. e5 d4 5. Bc4 Bh6 6. d3 e6 7. a4 Nc6 8. Na3 a6 9.
Ba2 Bg7 10. Nc4 Nh6 11. Nd6+ Kf8 12. Bf4 f6 13. Nxc8 g5 14. exf6 gxf4 15. Ng5
Qxf6 16. Nxe6+ Ke8 17. Qh5+ Kd7 18. Nb6+ Ke7 19. Nd5+ Kxe6 20. Nxf6+ Kxf6 21.
O-O Ne5 22. Qh4+ Kg6 23. Qxf4 Rhf8 24. Qe4+ Nf5 25. g4 Nf3+ 26. Qxf3 Nh4 27.
Qe4+ Kh6 28. f4 1-0

[Event "Pere Noel U1800"]
[Site "Montreal CAN"]
[Date "2023.12.28"]
[Round "2.41"]
[White "Saspotas, Mashe"]
[Black "Sun, Jonathan"]
[Result "0-1"]
[WhiteElo "1514"]
[BlackElo "1398"]
[PlyCount "50"]
[EventDate "2023.12.27"]
[EventType "swiss"]
[EventRounds "5"]
[EventCountry "CAN"]

1. e4 d6 2. d4 Nf6 3. Nc3 g6 4. Bg5 c6 5. Bxf6 exf6 6. Qd2 Bg7 7. O-O-O b5 8.
Bd3 Nd7 9. Kb1 a5 10. f4 b4 11. Na4 Nb6 12. Nxb6 Qxb6 13. Ne2 Be6 14. f5 Bd7
15. Qf4 Qc7 16. h4 a4 17. g4 b3 18. cxb3 axb3 19. a3 Ke7 20. Rc1 Ra7 21. Nc3
Qb6 22. Ne2 Rha8 23. Rc3 Qb4 24. Rc4 Rxa3 25. bxa3 Qxa3 0-1